Départements français - Statistiques

Statistiques générales
  • Ce quiz a été pris 11 136 fois
  • Le résultat moyen est 68 sur 101
Statistiques - réponses
Hint Réponse % Correct
01 ain
97%
42 loire
90%
02 aisne
88%
75 paris
85%
29 finistère
83%
20B haute-corse
83%
59 nord
83%
20A corse-du-sud
82%
45 loiret
81%
03 allier
80%
06 alpes-maritimes
80%
13 bouches-du-rhône
80%
33 gironde
78%
69 rhône
78%
972 martinique
77%
07 ardèche
76%
11 aude
76%
971 guadeloupe
76%
10 aube
75%
67 bas-rhin
75%
14 calvados
75%
16 charente
75%
05 hautes-alpes
75%
68 haut-rhin
75%
62 pas-de-calais
75%
83 var
74%
78 yvelines
74%
18 cher
73%
44 loire-atlantique
73%
93 seine-saint-denis
73%
17 charente-maritime
72%
57 moselle
72%
73 savoie
72%
30 gard
71%
34 hérault
71%
36 indre
71%
38 isère
71%
39 jura
71%
51 marne
71%
77 seine-et-marne
71%
08 ardennes
70%
15 cantal
70%
27 eure
70%
74 haute-savoie
70%
60 oise
70%
04 alpes-de-haute-provence
69%
21 côte-d'or
69%
25 doubs
69%
973 guyane
69%
09 ariège
68%
12 aveyron
68%
23 creuse
68%
37 indre-et-loire
68%
54 meurthe-et-moselle
68%
66 pyrénées-orientales
68%
19 corrèze
67%
56 morbihan
67%
84 vaucluse
67%
24 dordogne
66%
64 pyrénées-atlantiques
66%
28 eure-et-loir
65%
32 gers
65%
46 lot
65%
22 côtes-d'armor
64%
40 landes
64%
976 mayotte
64%
81 tarn
64%
26 drôme
63%
31 haute-garonne
63%
76 seine-maritime
63%
43 haute-loire
62%
41 loir-et-cher
62%
47 lot-et-garonne
62%
91 essonne
61%
50 manche
61%
55 meuse
61%
65 hautes-pyrénées
60%
85 vendée
60%
35 ille-et-vilaine
59%
80 somme
59%
82 tarn-et-garonne
59%
90 territoire de belfort
59%
53 mayenne
58%
94 val-de-marne
58%
86 vienne
58%
52 haute-marne
57%
92 hauts-de-seine
57%
95 val-d'oise
57%
88 vosges
57%
58 nièvre
56%
61 orne
56%
71 saône-et-loire
56%
63 puy-de-dôme
55%
72 sarthe
55%
89 yonne
54%
48 lozère
53%
974 la réunion
52%
87 haute-vienne
51%
49 maine-et-loire
49%
79 deux-sèvres
48%
70 haute-saône
48%
Aucun quiz correspondant
Distribution des résultats
% des personnes avec chaque résultat
Percentile par nombre de réponses
Votre historique - résultats
Vous n’avez pas pris ce quiz